000 01082cam a22001934a 4500
005 20250605164359.0
008 250528s ||||||||||||||||||||||||d
035 _a24516
040 _aGR-AtMCL
_bgre
_dGR-AtMCL
_eAACR2
245 1 _aΤο Πρώτο Ψωμί 10 Ημερών / Το Δέκα στο Ψωμί
260 _c2014
300 _a34
520 _aΗ Επιστροφή των Επώνυμων Brands, Τεράστιες Δυνατότητες Ανάπτυξης Δίνει η Χρήση Καρτών, Καινοτομία και Ποιότητα και Ασφάλεια και Τοπική Παραγώγη, Το Τέλος της Θεωρίας και η Καινοτομία στην Πράξη, Τα Exit Polls δεν είναι για την Παραγωγή Τηλεοπτικού Προγράμματος, Λανσάρουμε Νέο Επιχειρηματικό Μοντέλο στην Τηλεόραση.
700 1 _aΚορδελάς Δημήτρης
_99464
942 _cCR
710 2 _aThe Marketing Week
_99825
999 _c9393
_d9393